|
|
|
|
| LEADER |
00000nam0a2200000 4500 |
| 001 |
122145 |
| 005 |
20231031125845.0 |
| 035 |
|
|
|a (RuTPU)RU\TPU\book\132269
|
| 090 |
|
|
|a 122145
|
| 100 |
|
|
|a 20070927d1973 km y0rusy50 ca
|
| 101 |
0 |
|
|a rus
|
| 102 |
|
|
|a RU
|
| 105 |
|
|
|a a z 001zy
|
| 200 |
1 |
|
|a Ударные воздушные волны в подземных выработках
|f С. К. Савенко, А. А. Гурин, П. С. Малый
|
| 210 |
|
|
|a Москва
|c Недра
|d 1973
|
| 215 |
|
|
|a 152 с.
|c ил.
|
| 320 |
|
|
|a Библиогр.: с. 148-150.
|
| 610 |
1 |
|
|a ударные волны
|
| 610 |
1 |
|
|a ударные воздушные волны
|
| 610 |
1 |
|
|a подземные выработки
|
| 610 |
1 |
|
|a взрыв
|
| 610 |
1 |
|
|a механизмы
|
| 610 |
1 |
|
|a экспериментальные исследования
|
| 675 |
|
|
|a 622.23
|v 3
|
| 675 |
|
|
|a 622.8
|v 3
|
| 700 |
|
1 |
|a Савенко
|b С. К.
|g Савелий Кузьмич
|
| 701 |
|
1 |
|a Гурин
|b А. А.
|g Аркадий Александрович
|
| 701 |
|
1 |
|a Малый
|b П. С.
|g Петр Степанович
|
| 801 |
|
1 |
|a RU
|b 63413507
|c 20070927
|g PSBO
|
| 801 |
|
2 |
|a RU
|b 63413507
|c 20080924
|g PSBO
|
| 942 |
|
|
|c BK
|